[Event "ROM-ch U14 Girls"]
[Site "Calimanesti Caciulata"]
[Date "2016.04.20"]
[Round "3"]
[White "Cojocaru, Oana Maria"]
[Black "Hristea, Andreea Beatrice"]
[Result "1-0"]
[WhiteElo "1191"]
[BlackElo "1001"]
[PlyCount "99"]
[EventDate "2016.04.18"]
[EventType "swiss"]
[EventRounds "9"]
[EventCountry "ROU"]
[SourceTitle "CBM 172 Extra"]
[Source "ChessBase"]
[SourceDate "2016.06.21"]
[SourceVersion "1"]
[SourceVersionDate "2016.06.21"]
[SourceQuality "1"]

1. e4 e5 2. Nf3 Nc6 3. Bb5 d6 4. d4 Bg4 5. d5 a6 6. dxc6 axb5 7. cxb7 Rb8 8. Qd5 Nf6 9. Qxb5+ Qd7 10. Qb3 Be6 11. Qb4 d5 12. Qd2 Nxe4 13. Qd3 Bc5 14. Be3 Rxb7 15. Bxc5 Nxc5 16. Qc3 Na4 17. Qxe5 Nxb2 18. Qxg7 Rf8 19. Qxh7 Bf5 20. Qh6 Qe6+ 21. Qxe6+ fxe6 22. c3 Nc4 23. 0-0 Be4 24. Nbd2 Nxd2 25. Nxd2 Bf5 26. Rfd1 Bd3 27. Rac1 e5 28. c4 d4 29. Nf3 Be2 30. Re1 d3 31. Ra1 Rg8 32. Nxe5 Bh5 33. Nxd3+ Kd7 34. Nc5+ Kc6 35. Nxb7 Kxb7 36. Rab1+ Kc8 37. Re5 Bf3 38. g3 Rd8 39. Rbe1 Kb7 40. R1e3 Rd1+ 41. Re1 Rd4 42. R5e3 Bg4 43. Re4 Rxe4 44. Rxe4 Bf3 45. Re3 Bd1 46. h4 c6 47. f3 Bc2 48. h5 Bh7 49. Rb3+ Kc7 50. a4 1-0

[Event "ROM-ch U12 Girls"]
[Site "Calimanesti"]
[Date "2014.04.09"]
[Round "5"]
[White "Cojocaru, Oana Maria"]
[Black "Mineo, Dana"]
[Result "1-0"]
[WhiteElo "1100"]
[BlackElo "1001"]
[PlyCount "92"]
[EventDate "2014.04.06"]
[EventType "swiss"]
[EventRounds "9"]
[EventCountry "ROU"]
[SourceTitle "CBM 160 Extra"]
[Source "ChessBase"]
[SourceDate "2014.07.01"]
[SourceVersion "1"]
[SourceVersionDate "2014.07.01"]
[SourceQuality "1"]

1. e4 e5 2. Nf3 Nc6 3. Nc3 Nf6 4. Bc4 Bc5 5. d3 h6 6. 0-0 0-0 7. h3 d6 8. Re1 Re8 9. Qe2 a6 10. Be3 Bxe3 11. Qxe3 b5 12. Bd5 Bd7 13. Bxc6 Bxc6 14. d4 d5 15. Rad1 dxe4 16. dxe5 Bd5 17. exf6 exf3 18. Qxe8+ Qxe8 19. Rxe8+ Rxe8 20. Nxd5 c6 21. Nc7 Re2 22. Rc1 fxg2 23. Kxg2 gxf6 24. Kf3 Re5 25. Rd1 Kf8 26. Nxa6 Ke7 27. Nb8 Rd5 28. Nxc6+ Kd6 29. Rxd5+ Kxd5 30. Ne7+ Ke6 31. Nc8 Kd7 32. Nb6+ Kc6 33. Nc8 Kc7 34. Ne7 Kd7 35. Ng8 f5 36. Nxh6 Ke6 37. Kf4 Kf6 38. Nxf5 Kg6 39. b3 b4 40. Ne7+ Kf6 41. Nd5+ Ke6 42. Nxb4 f6 43. c4 Kd6 44. a4 Kc5 45. Nc2 Kb6 46. h4 Ka5 1-0